书目信息 |
| 书名: | Linguistics, language, and verbal art = | |
| 作者: | Ruqaiya Hasan著, 苗兴伟导读. | |
| 分册号: | ||
| 分册名: | 出版地: | 北京 : |
|
| 出版社: | 世界图书出版公司 | |
| 出版时间: | 2012. | |
| 页数: | 30, 124 p. : | |
| 开本: | 25 cm. | |
| 丛书名: | ||
| 中图分类号: | ||
| 科图分类号: | ||
| 其他分类号: | H0 | |
| 主题词: | ||
| 电子资源: | ||
| 000 | 00804cam a2200253 a 4500 | |
| 001 | E1459073109 | |
| 005 | 20140402162538.40 | |
| 008 | 900827s2012 cc a b 000 0 eng d | |
| 020 | @a9787510041525 :@cCNY28.00. | |
| 040 | @aPUL@cPUL | |
| 090 | @aH0-05/X124 | |
| 093 | @aH0-05 @2 4 | |
| 099 | @dH0@ex187 | |
| 100 | 1 | @aHasan, Ruqaiya@A(韩茹凯) |
| 245 | 10 | @aLinguistics, language, and verbal art =@b语言学, 语言与语言艺术 / @cRuqaiya Hasan著, 苗兴伟导读. |
| 260 | @a北京 :@b世界图书出版公司,@c2012. | |
| 300 | @a30, 124 p. :@bill. ;@c25 cm. | |
| 490 | 0 | @a西方语言学与应用语言学视野.@p西方语言学视野 |
| 504 | @aIncludes bibliographical references. | |
| 650 | 0 | @aChildren@xLanguage. |
| 650 | 0 | @aLanguage and languages@xStyle. |
| 650 | 0 | @a语言学 |
| 700 | 1 | @aMiao, Xingwei@A(苗兴伟) |
| 920 | @a232010@z2 | |
| Linguistics, language, and verbal art = : 语言学, 语言与语言艺术 / / Ruqaiya Hasan著, 苗兴伟导读.-北京 : : 世界图书出版公司, , 2012. |
| 30, 124 p. : : ill. ; ; 25 cm.- (西方语言学与应用语言学视野. 西方语言学视野) |
| Includes bibliographical references. |
| ISBN 9787510041525 :CNY28.00. |
| ● |
| 相关链接 |
|
|
|
|
正题名:Linguistics, language, and verbal art
索取号:H0/x187
 
预约/预借
| 序号 | 登录号 | 条形码 | 馆藏地/架位号 | 状态 | 备注 |
| 1 | 0018052 | 300180523 | 第二样本阅览室/ [索取号:H0/x187] | 在馆 | |
| 2 | 0018053 | 300180532 | 第四借阅区/ [索取号:H0/x187] | 在馆 | |
| 3 | 0018054 | 300180541 | 第四借阅区/ [索取号:H0/x187] | 在馆 |